Kỷ yếu công đoàn Việt Nam khóa XI (2013 - 2018)

Enregistré dans:
Détails bibliographiques
Format: Sách
Langue:Undetermined
Publié:  Lao động  2013
Sujets:
Tags: Ajouter un tag
Pas de tags, Soyez le premier à ajouter un tag!
Thư viện lưu trữ: Trung tâm Thư viện - Trường Đại học Công nghiệp TP. Hồ Chí Minh
LEADER 00439nam a2200133Ia 4500
001 UIH_04982
008 231011s9999 xx 000 0 und d
082 |a  331.8709597 
245 0 |a  Kỷ yếu công đoàn Việt Nam khóa XI (2013 - 2018) 
260 |b  Lao động 
260 |c  2013 
650 |a  Công đoàn;  
927 |a Sách 
980 |a Trung tâm Thư viện - Trường Đại học Công nghiệp TP. Hồ Chí Minh